|
|
|
|
| LEADER |
00000nam a22000007i 4500 |
| 001 |
IT\ICCU\UBO\0177321 |
| 003 |
ItRI |
| 005 |
20260115231930.0 |
| 008 |
920730s1989 it |||||| ||||| |||||c |
| 020 |
|
|
|a 8877680008
|
| 040 |
|
|
|b ita
|c importazione bologna sebina
|
| 041 |
|
7 |
|a ita
|2 ISO-639-2
|
| 082 |
|
|
|a 843.914
|9 Narrativa francese. 1945-
|2 20
|
| 100 |
1 |
|
|a Genet, Jean,
|d (1910-1986)
|0 IT\ICCU\CFIV\046705
|4 aut
|
| 240 |
1 |
0 |
|a Lettres a Olga et Marc Barbezat. -
|3 IT\ICCU\RAV\0043451
|9 Genet, Jean <1910-1986>
|
| 245 |
1 |
0 |
|a Lettere all'editore :
|b 1943-1986 /
|c Jean Genet ; prefazione di Marc Barbezat.
|
| 246 |
1 |
3 |
|a Lettere all'editore
|9 IT\ICCU\UBO\0009167
|
| 260 |
|
|
|a Milano :
|b Archinto,
|c 1989
|
| 300 |
|
|
|a 187 p. :
|b ill. ;
|c 20 cm
|
| 650 |
|
7 |
|a Genet, Jean
|x Lettere e carteggi
|2 scbi
|
| 700 |
1 |
|
|a Barbezat, Marc
|0 IT\ICCU\RAVV\023516
|
| 830 |
|
0 |
|a Lettere
|0 IT\ICCU\RAV\0052172
|
| 942 |
|
|
|2 ddc
|c BK
|n 0
|
| 952 |
|
|
|0 0
|1 0
|4 0
|6 DOC_846_914000000000000_GEN
|7 0
|9 16975
|a BO
|b BO
|d 2026-01-15
|i 1790
|l 0
|o DOC 846.914 GEN
|p BO1790
|r 2026-01-15 23:19:30
|w 2026-01-15
|x [Sebina 5] [1 v.]
|y BK
|z 1 v.
|
| 999 |
|
|
|c 14497
|d 14497
|